Statistics for All 4-Letter Scrabble Words Starting with “O”

Click here to take the quiz!

General Stats

  • This quiz has been taken 117 times
  • The average score is 38 of 112

Answer Stats

Word% Correct
oars
90%
oats
88%
ores
84%
open
82%
owes
78%
outs
76%
offs
76%
owns
76%
odes
76%
oaks
73%
over
73%
owls
69%
oils
69%
ones
69%
odds
67%
ours
65%
opal
65%
oven
65%
oxen
63%
olds
63%
omen
61%
oafs
61%
oath
57%
okay
57%
oval
57%
oops
57%
oust
57%
ohms
55%
oboe
53%
ogre
53%
only
51%
oily
49%
opts
49%
orbs
49%
oast
49%
obey
49%
opes
47%
oral
45%
ooze
45%
onto
43%
orca
43%
odor
43%
oxes
41%
oink
39%
oles
39%
ouch
39%
opus
37%
orcs
37%
orts
37%
owed
37%
oyes
37%
ogle
37%
otto
35%
omit
35%
once
35%
okra
33%
onus
31%
onyx
31%
oleo
29%
oohs
29%
orgy
29%
obit
27%
obes
27%
ovum
27%
obis
22%
oots
22%
olla
20%
oaky
20%
oses
20%
orby
20%
omer
18%
olea
18%
oldy
18%
oped
18%
okes
16%
obas
16%
odas
16%
ogee
16%
orad
16%
oyez
14%
olio
12%
ordo
12%
ouds
12%
odea
12%
orle
10%
orzo
10%
oyer
10%
oxid
10%
oozy
10%
oryx
8%
onos
8%
otic
8%
ocas
8%
ouzo
8%
opah
6%
okas
6%
orra
6%
obia
6%
ossa
6%
odic
4%
ogam
4%
owse
4%
oxim
2%
ohia
2%
okeh
2%
obol
2%
odah
2%
osar
2%
odyl
0%
ouph
0%
ofay
0%
ohed
0%

Score Distribution

Percentile by Number Answered

Percent of People with Each Score

Your Score History

You have not taken this quiz